Diagnostika podnikových procesov v oblasti duševného vlastníctva podniku

Vybrané pojmy používané v oblasti duševného vlastníctva a procesného riadenia. Dynamický pohľad na podnikové procesy. Zlepšovanie procesov ako kontinuálny proces. Popis podnikových procesov v oblasti duševného vlastníctva.

Saved in:
Bibliographic Details
Main Author: Matušovič, Martin
Format: Book Chapter
Language:Slovak
Subjects:
Tags: Add Tag
No Tags, Be the first to tag this record!

MARC

LEADER 00000nla$a2200000$$$4500
001 0068744
005 20240502071831.3
041 0 |a slo 
044 |a SK 
245 1 0 |a Diagnostika podnikových procesov v oblasti duševného vlastníctva podniku  |c Martin Matušovič 
520 |a Vybrané pojmy používané v oblasti duševného vlastníctva a procesného riadenia. Dynamický pohľad na podnikové procesy. Zlepšovanie procesov ako kontinuálny proces. Popis podnikových procesov v oblasti duševného vlastníctva. 
610 2 0 |a vlastníctvo duševné 
610 2 0 |a riadenie 
610 2 0 |a podnik 
610 2 0 |a procesy podnikové 
100 1 |a Matušovič, Martin